the vamps "glory days" all lyrics - Statistics

General Stats
  • This quiz has been taken 18 times
  • The average score is 292 of 325
Answer Stats
Hint Answer % Correct
a
100%
days
100%
dont
100%
glory
100%
Go
100%
verse 1 | verse 2 I
100%
i
100%
no
100%
now
100%
the
100%
chorus These
100%
these
100%
this
100%
to
100%
wanna
100%
we
100%
We
100%
You
100%
your
100%
And
92%
and
92%
are
92%
at
92%
be
92%
cold
92%
down
92%
fire
92%
focus
92%
for
92%
im
92%
Im
92%
in
92%
just
92%
lights
92%
lookin
92%
minute
92%
not
92%
of
92%
on
92%
Or
92%
our
92%
right
92%
room
92%
say
92%
should
92%
slow
92%
some
92%
take
92%
time
92%
turn
92%
wait
92%
Around
85%
around
85%
Baby
85%
back
85%
ceiling
85%
corner
85%
feelings
85%
forward
85%
fumes
85%
getting
85%
high
85%
lets
85%
lie
85%
Looking
85%
looking
85%
pre-chorus Maybe
85%
my
85%
need
85%
off
85%
out
85%
put
85%
round
85%
staring
85%
Swimming
85%
thing
85%
think
85%
thinking
85%
till
85%
whats
85%
While
85%
while
85%
airplane
77%
best
77%
But
77%
communicate
77%
connect
77%
got
77%
phone
77%
somethin
77%
today
77%
grows
69%
jinx
69%
bridge Keep
69%
keep
69%
lives
69%
mind
69%
realize
69%
sick
69%
inside
62%
shelves
62%
stacking
62%
Took
62%
breathin
54%
Can
54%
Imma
54%
It
54%
realign
54%
little
46%
feels
38%
like
38%
them
38%
oh
31%
type glory days to complete :) glory days
23%
No matching quizzes found
Score Distribution
Percent of People with Each Score
Percentile by Number Answered
Your Score History
You have not taken this quiz